Statistics for Districts of South Africa on a Map

Click here to take the quiz!

General Stats

  • This quiz has been taken 58 times
  • The average score is 11 of 52

Answers on the Map

Answers color-coded by a green-red scale on the quiz's map according to % correct below.
 

Answer Stats

ProvinceSubdivision% Correct
Western CapeCity of Cape Town
94%
GautengCity of Johannesburg
91%
GautengCity of Tshwane
45%
Eastern CapeNelson Mandela Bay
45%
Eastern CapeBuffalo City
39%
Western CapeCape Winelands
30%
GautengEkurhuleni
30%
KwaZulu-NataleThekwini
27%
Free StateMangaung
27%
Eastern CapeSarah Baartman
27%
GautengWest Rand
27%
Eastern CapeChris Hani
24%
Northern CapeFrances Baard
24%
Western CapeOverberg
24%
Northern CapePixley ka Seme
24%
Western CapeGarden Route
21%
Northern CapeNamakwa
21%
Eastern CapeOR Tambo
21%
GautengSedibeng
21%
Western CapeWest Coast
21%
KwaZulu-NatalZululand
21%
Eastern CapeAlfred Nzo
18%
Eastern CapeAmathole
18%
Western CapeCentral Karoo
18%
Eastern CapeJoe Gqabi
18%
KwaZulu-NatalAmajuba
15%
North WestDr Kenneth Kaunda
15%
Free StateFezile Dabi
15%
MpumalangaGert Sibande
15%
KwaZulu-NataliLembe
15%
Northern CapeJohn Taolo Gaetsewe
15%
KwaZulu-NatalKing Cetschwayo
15%
LimpopoMopani
15%
North WestNgaka Modiri Molema
15%
KwaZulu-NatalUgu
15%
LimpopoWaterberg
15%
Northern CapeZF Mgcawu
15%
North WestBojanala Platinum
12%
LimpopoCapricorn
12%
North WestDr Ruth Segomotsi Mompati
12%
MpumalangaEhlanzeni
12%
KwaZulu-NatalHarry Gwala
12%
Free StateLejweleputswa
12%
MpumalangaNkangala
12%
LimpopoSekhukhune
12%
Free StateThabo Mofutsanyana
12%
KwaZulu-NataluMzinyathi
12%
LimpopoVhembe
12%
KwaZulu-NataluMgungundlovu
9%
KwaZulu-NataluMkhanyakude
9%
KwaZulu-NataluThukela
9%
Free StateXhariep
9%

Score Distribution

Percentile by Number Answered

Percent of People with Each Score

Your Score History

You have not taken this quiz